00962nam a2200313 a 4500003000900000005001700009008004100026020001800067040001300085100002300098245010500121260004200226300001800268490004000286500003500326504003000361650002200391650002500413650002300438650001300461650001300474650001200487650001000499650002800509650001400537700002300551700003400574700004000608AR-BaBNM20251128205607.0082120s2002 ||||||||||||||000 | spa|| a968-23-0865-8 cAR-BaBNM1 aEmbree, Ainslie T.00aIndiabhistoria del subcontinente desde las culturas del Indo hasta el comienzo del dominio inglés aMéxico, D.F.bSiglo Veintiunoc1987 a335 p.bmapas 0aHistoria Universal siglo XXIvv. 17 aIndice alfabético p. 324-335 aBibliografía p. 312-322 4aHISTORIA ASIATICA 4aTERRITORIOS OCUPADOS 4aCIENCIAS POLITICAS 4aSOCIEDAD 4aECONOMIA 4aBUDISMO 4aISLAM 4aCIVILIZACIONES ANTIGUAS 4aHINDUISMO1 aWilhelm, Friedrich1 aDieterich, Antónetraductor1 aCarrillo, María Isabeletraductor